| 000 | 00641nam a2200241Ia 4500 | ||
|---|---|---|---|
| 003 | OSt | ||
| 005 | 20220924131854.0 | ||
| 006 | a|||||r|||| 00| 0 | ||
| 007 | ta | ||
| 008 | 220923b |||||||| |||| 00| 0 tel d | ||
| 024 | _a347646 | ||
| 037 | _cTextual | ||
| 040 |
_aARTS _cARTS _btel |
||
| 041 |
_2tel _atel |
||
| 082 | _aO35,3NKR5,1, M5 | ||
| 100 |
_aKrishnaja Au. _9203142 |
||
| 245 | 0 | _aSowmya | |
| 260 |
_aVijayawada _bNageswari Publications India _c1985 |
||
| 300 |
_a300p. _ccm. |
||
| 650 | _aTELUGU LITERATURE | ||
| 942 |
_hO35,3NKR5,1, M5 _cTEXL _2CC |
||
| 999 |
_c428501 _d428501 |
||